Losowe kraje i stolice na mapie Świata - Statystyki

Ogólne statystyki
  • Ten quiz został rozwiązany 39 razy
  • Średni wynik to 26 z 40
Odpowiedzi na mapie
Odpowiedzi zakodowano w zielono-czerwonej skali na mapie do tego quizu, zgodnie z poniższymi procentami.
 
Statystyki odpowiedzi
Kraj lub stolica % Poprawnych
Abudża
100%
Addis Abeba
100%
Algier
100%
Algieria
100%
Angola
100%
Antananarywa
100%
Arabia Saudyjska
100%
Argentyna
100%
Armenia
100%
Australia
100%
Austria
100%
Baku
100%
Bangladesz
100%
Belgia
100%
Benin
100%
Berlin
100%
Berno
100%
Bogota
100%
Botswana
100%
Brasilia
100%
Brazylia
100%
Bruksela
100%
Budapeszt
100%
Buenos Aires
100%
Bukareszt
100%
Bułgaria
100%
Burkina Faso
100%
Chiny
100%
Czad
100%
Czechy
100%
Dakar
100%
Dania
100%
Demokratyczna Republika Konga
100%
Ułan-Bator
100%
Duszanbe
100%
Egipt
100%
Erytrea
100%
Estonia
100%
Etiopia
100%
Finlandia
100%
Francja
100%
Gabon
100%
Gitega
100%
Gwatemala
100%
Gwinea
100%
Gwinea Równikowa
100%
Hawana
100%
Hiszpania
100%
Indie
100%
Irlandia
100%
Islamabad
100%
Japonia
100%
Kair
100%
Kamerun
100%
Kanada
100%
Kazachstan
100%
Kenia
100%
Kigali
100%
Kijów
100%
Kirgistan
100%
Kiszyniów
100%
Korea Północna
100%
Korea Południowa
100%
Kosowo
100%
Kuba
100%
Kuwejt
100%
Laos
100%
Libia
100%
Lima
100%
Litwa
100%
Lizbona
100%
Łotwa
100%
Luanda
100%
Luksemburg
100%
Male
100%
Meksyk
100%
Meksyk
100%
Moskwa
100%
Mozambik
100%
Namibia
100%
Nauru
100%
Ndżamena
100%
Nepal
100%
Niamey
100%
Niemcy
100%
Nikozja
100%
Norwegia
100%
Nowa Zelandia
100%
Nowe Delhi
100%
Oman
100%
Oslo
100%
Panama
100%
Papua-Nowa Gwinea
100%
Paragwaj
100%
Paryż
100%
Port-Au-Prince
100%
Porto-Novo
100%
Portugalia
100%
Pretoria
100%
Quito
100%
Rabat
100%
Republika Południowej Afryki
100%
Rijad
100%
Rosja
100%
Rumunia
100%
Samoa
100%
San Marino
100%
Seszele
100%
Singapur
100%
Skopje
100%
Sofia
100%
Somalia
100%
Stany Zjednoczone
100%
Sucre
100%
Surinam
100%
Suva
100%
Syria
100%
Sztokholm
100%
Szwecja
100%
Tajlandia
100%
Tajpej
100%
Tajwan
100%
Togo
100%
Tokio
100%
Tunezja
100%
Tunis
100%
Ukraina
100%
Urugwaj
100%
Uzbekistan
100%
Vaduz
100%
Warszawa
100%
Waszyngton
100%
Wellington
100%
Wenezuela
100%
Wiedeń
100%
Wientian
100%
Włochy
100%
Wyspy Salomona
100%
Zagrzeb
100%
Republika Zielonego Przylądka
86%
Chile
83%
Gujana
83%
Lublana
80%
Madagaskar
80%
Mongolia
80%
South Tarawa
80%
Turcja
80%
Amsterdam
75%
Dili
75%
Dominikana
75%
Kopenhaga
75%
Madryt
75%
Mali
75%
Maroko
75%
Nairobi
75%
Niger
75%
Nigeria
75%
Pekin
75%
Sarajewo
75%
Sudan Południowy
75%
Tadżykistan
75%
Tanzania
75%
Uganda
75%
Wyspy Marshalla
75%
Ateny
71%
Filipiny
71%
Harare
71%
Afganistan
67%
Ankara
67%
Bahamy
67%
Bandar Seri Begawan
67%
Belgrad
67%
Bratysława
67%
Chorwacja
67%
Damaszek
67%
Dżuba
67%
Erywań
67%
Georgetown
67%
Gruzja
67%
Haiti
67%
Honduras
67%
Indonezja
67%
Irak
67%
Islandia
67%
Jaunde
67%
Jerozolima
67%
Kolumbia
67%
Kuala Lumpur
67%
Macedonia Północna
67%
Malediwy
67%
Malezja
67%
Manama
67%
Maputo
67%
Mjanma
67%
Phnom Penh
67%
Pjongjang
67%
Republika Środkowoafrykańska
67%
Santo Domingo
67%
Senegal
67%
Seul
67%
Słowacja
67%
Słowenia
67%
Tallin
67%
Tbilisi
67%
Wietnam
67%
Wilno
67%
Wyspy Świętego Tomasza i Książęca
67%
Zambia
67%
Albania
63%
Burundi
60%
Chartum
60%
Liban
60%
Nuku'alofa
60%
Rwanda
60%
Victoria
60%
Zjednoczone Emiraty Arabskie
60%
Bejrut
57%
Abu Zabi
50%
Akra
50%
Andora
50%
Apia
50%
Astana
50%
Aszchabad
50%
Bangi
50%
Bangkok
50%
Bhutan
50%
Bośnia i Hercegowina
50%
Canberra
50%
Caracas
50%
Cypr
50%
Dublin
50%
Dżibuti
50%
Ekwador
50%
Fidżi
50%
Funafuti
50%
Gaborone
50%
Gambia
50%
Ghana
50%
Gwinea-Bissau
50%
Hanoi
50%
Iran
50%
Kambodża
50%
Kampala
50%
Kapsztad
50%
Komory
50%
Konakry
50%
Luksemburg
50%
Malawi
50%
Maseru
50%
Mauretania
50%
Mikronezja
50%
Monako
50%
Monrovia
50%
Montevideo
50%
Nassau
50%
Nawakszut
50%
Ngerulmud
50%
Ottawa
50%
Podgorica
50%
Port Louis
50%
Port Moresby
50%
Port-of-Spain
50%
Praia
50%
Reykjawik
50%
Rzym
50%
Saint George
50%
Saint John's
50%
Saint Lucia
50%
San Jose
50%
San Marino
50%
Sao Tome
50%
Serbia
50%
Sri Dźajawardanapura Kotte
50%
Sudan
50%
Tegucigalpa
50%
Timor Wschodni
50%
Tirana
50%
Vanuatu
50%
Wagadugu
50%
Zimbabwe
50%
Czarnogóra
40%
San Salvador
40%
Azerbejdżan
33%
Belmopan
33%
Białoruś
33%
Brazzaville
33%
Bridgetown
33%
Dodoma
33%
Freetown
33%
Izrael
33%
Jemen
33%
Katar
33%
Kingstown
33%
Kostaryka
33%
La Paz
33%
Lome
33%
Malabo
33%
Maskat
33%
Monako
33%
Port Vila
33%
Roseau
33%
Sri Lanka
33%
Szwajcaria
33%
Thimphu
33%
Tonga
33%
Trynidad i Tobago
33%
Watykan
33%
Asmara
25%
Bloemfontein
25%
Mauritius
25%
Mbabane
25%
Mogadiszu
25%
Kongo
20%
Prisztina
20%
Salwador
20%
Eswatini/Suazi
17%
Honiara
17%
Amman
0%
Andora
0%
Antigua i Barbuda
0%
Asuncion
0%
Bagdad
0%
Bahrajn
0%
Bamako
0%
Bandżul
0%
Barbados
0%
Basseterre
0%
Belize
0%
Bissau
0%
Biszkek
0%
Boliwia
0%
Brunei
0%
Castries
0%
Dhaka
0%
Doha
0%
Dominika
0%
Dżakarta
0%
Dżibuti
0%
Grecja
0%
Grenada
0%
Gwatemala
0%
Helsinki
0%
Holandia
0%
Jamajka
0%
Jamusukro
0%
Jordania
0%
Kabul
0%
Katmandu
0%
Kingston
0%
Kinszasa
0%
Kiribati
0%
Kuwejt
0%
Lesotho
0%
Liberia
0%
Libreville
0%
Liechtenstein
0%
Lilongwe
0%
Londyn
0%
Lusaka
0%
Majuro
0%
Malta
0%
Managua
0%
Manila
0%
Mińsk
0%
Mołdawia
0%
Moroni
0%
Naypyidaw
0%
Nikaragua
0%
Pakistan
0%
Palau
0%
Palikir
0%
Panama
0%
Paramaribo
0%
Peru
0%
Polska
0%
Praga
0%
Ryga
0%
Saint Kitts i Nevis
0%
Saint Vincent i Grenadyny
0%
Sana
0%
Santiago
0%
Sierra Leone
0%
Singapur
0%
Taszkent
0%
Teheran
0%
Trypolis
0%
Turkmenistan
0%
Tuvalu
0%
Valletta
0%
Watykan
0%
Węgry
0%
Wielka Brytania
0%
Windhuk
0%
Wybrzeże Kości Słoniowej
0%
Yaren
0%
Nie znaleziono quizów pasujących do podanych kryteriów
Rozkład punktacji
Procent ludzi z każdym wynikiem
Percentyl według liczby udzielonych odpowiedzi
Twoja historia wyników
Nie rozwiązałeś tego quizu